Totální elektronizace peněz

Druhá alternatíva totálnej elektronizácie peňazí, ktorou je prevod hotovosti na účty vedené v bankách. Pragmatická definícia peňazí. Vplyv koncepcie peňazí len na účtoch bánk na monetárnu politiku. Riadenie peňažnej ponuky. Vplyv na peňažný multiplikátor peňažnej ponuky. Ďalšie vplyvy koncepcie peňa...

Descrizione completa

Salvato in:
Dettagli Bibliografici
Autore principale: Šlapák, Ondřej
Natura: Capitolo di libro
Lingua:ceco
Soggetti:
Tags: Aggiungi Tag
Nessun Tag, puoi essere il primo ad aggiungerne!!

MARC

LEADER 00000naa$a2200000$$$4500
001 0005285
005 20231004073443.5
041 0 |a cze 
044 |a CZ 
245 1 0 |a Totální elektronizace peněz  |c aut. Ondřej Šlapák 
520 |a Druhá alternatíva totálnej elektronizácie peňazí, ktorou je prevod hotovosti na účty vedené v bankách. Pragmatická definícia peňazí. Vplyv koncepcie peňazí len na účtoch bánk na monetárnu politiku. Riadenie peňažnej ponuky. Vplyv na peňažný multiplikátor peňažnej ponuky. Ďalšie vplyvy koncepcie peňazí len na účtoch bánk a úloha centrálnej banky. Celkové zhrnutie plnej verzie článku. 
610 2 0 |a peniaze elektronické 
610 2 0 |a elektronizácia 
610 2 0 |a zásoba peňažná 
610 2 0 |a hotovosť 
610 2 0 |a prevod bankový 
610 2 0 |a agregáty menové 
610 2 0 |a multiplikátor 
610 2 0 |a účty bankové 
610 2 0 |a banky centrálne 
100 1 |a Šlapák, Ondřej